Statistics for Top 50 Most Rural Countries

Click here to take the quiz!

General Stats

  • This quiz has been taken 164 times
    (131 since last reset)
  • The average score is 31 of 50

Answer Stats

#Continent or Region% UrbanAnswer% Correct
9Africa18.7%Niger
81%
19Africa22.6%Chad
79%
16Africa25.6%Kenya
79%
12Africa19.5%Ethiopia
79%
33Africa32.4%Zimbabwe
76%
48Africa39.6%Somalia
76%
37Africa33.8%Sudan
75%
28Africa28.8%Rwanda
74%
47Asia38.8%Pakistan
73%
34Asia32.7%India
72%
4Africa16.1%Uganda
71%
31Africa31.6%Tanzania
71%
32Africa32.2%Mozambique
70%
10Africa18.8%South Sudan
70%
7Asia18.6%Nepal
70%
36Asia33.6%Vietnam
70%
13Asia20.7%Cambodia
69%
1Africa12.1%Burundi
69%
46Asia38.6%Bhutan
68%
23Asia26.7%Afghanistan
68%
15Africa22.6%Eritrea
68%
24Asia26.8%Tajikistan
65%
38Asia34.1%Burma
65%
11Oceania19.1%Samoa
65%
41Africa35.1%Madagascar
64%
5Africa16.3%Malawi
64%
20Oceania23.7%Tonga
63%
40Middle East34.6%Yemen
63%
18Oceania22.4%Federated States of Micronesia
63%
45Africa37.2%Guinea
61%
39Asia34.3%Bangladesh
60%
14Africa21.3%Swaziland
60%
17Oceania22.3%Solomon Islands
60%
2Oceania13.0%Papua New Guinea
58%
44Asia36.4%Uzbekistan
58%
25Africa27.3%Lesotho
56%
22Oceania26.1%Vanuatu
54%
42Asia35.7%Kyrgyzstan
54%
8Caribbean18.6%Saint Lucia
52%
29Africa29.9%Burkina Faso
51%
30Caribbean31.5%Barbados
47%
49Africa39.7%Mauritius
46%
27South America28.6%Guyana
46%
43Caribbean35.6%Grenada
46%
26Africa28.3%Comoros
45%
50Africa39.9%Equatorial Guinea
43%
6Asia18.4%Sri Lanka
41%
35Asia32.8%East Timor
40%
21Caribbean23.8%Antigua and Barbuda
40%
3Europe14.3%Liechtenstein
21%

Score Distribution

Percentile by Number Answered

Percent of People with Each Score

Your Score History

You have not taken this quiz since the last reset